Signals, Systems and Interrence (Record no. 9558)
[ view plain ]
| 000 -LEADER | |
|---|---|
| fixed length control field | 00570nam a22002057a 4500 |
| 003 - CONTROL NUMBER IDENTIFIER | |
| control field | OSt |
| 005 - DATE AND TIME OF LATEST TRANSACTION | |
| control field | 20251010130936.0 |
| 008 - FIXED-LENGTH DATA ELEMENTS--GENERAL INFORMATION | |
| fixed length control field | 251010b |||||||| |||| 00| 0 eng d |
| 020 ## - INTERNATIONAL STANDARD BOOK NUMBER | |
| International Standard Book Number | 9789356064676 |
| 040 ## - CATALOGING SOURCE | |
| Transcribing agency | DDC |
| 082 ## - DEWEY DECIMAL CLASSIFICATION NUMBER | |
| Classification number | 621.38 OPP 2022 |
| 100 ## - MAIN ENTRY--PERSONAL NAME | |
| Personal name | Oppenheim, Alan V. ; Verghese, George C |
| 9 (RLIN) | 12798 |
| 245 ## - TITLE STATEMENT | |
| Title | Signals, Systems and Interrence |
| 260 ## - PUBLICATION, DISTRIBUTION, ETC. (IMPRINT) | |
| Place of publication, distribution, etc. | U.S.A. |
| Name of publisher, distributor, etc. | Pearson, 2022 |
| 300 ## - PHYSICAL DESCRIPTION | |
| Extent | 604P. Ill: 23cm |
| 504 ## - BIBLIOGRAPHY, ETC. NOTE | |
| Bibliography, etc | Bibliography, & index included |
| 650 ## - SUBJECT ADDED ENTRY--TOPICAL TERM | |
| Topical term or geographic name as entry element | Signals |
| 9 (RLIN) | 11662 |
| 650 ## - SUBJECT ADDED ENTRY--TOPICAL TERM | |
| Topical term or geographic name as entry element | Systems and Interrence |
| 9 (RLIN) | 19453 |
| 942 ## - ADDED ENTRY ELEMENTS (KOHA) | |
| Source of classification or shelving scheme | Dewey Decimal Classification |
| Koha item type | Open Shelf |
| Withdrawn status | Lost status | Source of classification or shelving scheme | Damaged status | Not for loan | Home library | Current library | Date acquired | Source of acquisition | Inventory number | Total Checkouts | Full call number | Barcode | Date last seen | Koha item type |
|---|---|---|---|---|---|---|---|---|---|---|---|---|---|---|
| Dewey Decimal Classification | Main Kihumuro Campus | Main Kihumuro Campus | 10/10/2025 | Purchase | 25/42462 | 621.38 OPP 2022 | 2025-0115 | 10/10/2025 | Open Shelf | |||||
| Dewey Decimal Classification | Main Kihumuro Campus | Main Kihumuro Campus | 10/10/2025 | Purchase | 25/42463 | 621.38 OPP 2022 | 2025-0116 | 10/10/2025 | Open Shelf |
